000 00378nam a22001457a 4500
003 SGT
082 _a617.84
_bC24Y
100 _aYADAV, NEHA
245 _aCOMBINED EFFECTS OF ANTENATAL EXERCISES AND COGNITIVE EXERCISES ON COGNITION DURING PREGNANCY
260 _aGURUGRAM
_bSGT UNIVERSITY
_c2024
300 _a105
650 _aNEUROLOGY
653 _aMPT
942 _2ddc
_cTH
999 _c32191
_d32191